000 00564nam a2200229Ia 4500
003 OSt
005 20221005115211.0
006 a|||||r|||| 00| 0
007 ta
008 221004b |||||||| |||| 00| 0 eng d
024 _a69737
037 _cTextual
040 _aCRL
_cCRL
_beng
041 _2eng
_aeng
082 _aX9xN09, K8
100 _aBirla L N
_9247217
245 0 _aBusiness horizons
_b speeches and letters
260 _c1968
650 _aECONOMICS
942 _hX9xN09, K8
_cTEXL
_2cc
999 _c1033753
_d1033753